000 00548nam a2200169 a 4500
003 PILC
005 20150819152922.0
008
020 _a0864381972
050 _aAG 243
_b.D561 1991
245 1 0 _aDid you know? :
_bnew insights into a world that is full of astonishing stories and astounding facts.
260 _aLondon :
_bReader's Digest Association,
_c1991.
300 _a384 pages :
_billustrations ;
_c28 cm.
500 _aIncludes index.
650 _aCuriosities and wonders.
942 _2lcc
_cBK
999 _c288412
_d288412